| 000 -LEADER |
| fixed length control field |
00432nam a22001697a 4500 |
| 008 - FIXED-LENGTH DATA ELEMENTS--GENERAL INFORMATION |
| fixed length control field |
150923b xxu||||| |||| 00| 0 eng d |
| 020 ## - INTERNATIONAL STANDARD BOOK NUMBER |
| International Standard Book Number |
0618313850 |
| 041 0# - LANGUAGE CODE |
| Language code of text/sound track or separate title |
eng |
| 080 ## - UNIVERSAL DECIMAL CLASSIFICATION NUMBER |
| Universal Decimal Classification number |
512.5 |
| 100 1# - Rafti |
| Rafti |
Larson/Hostetler. |
| 245 10 - TITLE STATEMENT |
| Title |
College algebra / |
| Statement of responsibility, etc |
Larson/Hostetler. |
| 250 ## - |
| -- |
6th ed. |
| 260 ## - |
| -- |
Boston, MA : |
| -- |
Houghton Mifflin, |
| -- |
2003. |
| 300 ## - |
| -- |
675 f.; |
| -- |
me il.; |
| -- |
25 cm. |
| 650 #0 - |
| -- |
Algjebra |
| 942 ## - ADDED ENTRY ELEMENTS (KOHA) |
| Source of classification or shelving scheme |
|
| Item type |
Books |